| 000 | 00640nam a22001577a 4500 | ||
|---|---|---|---|
| 999 |
_c8082 _d8082 |
||
| 003 | GBCCL | ||
| 005 | 20241126110643.0 | ||
| 008 | 190218b ||||| |||| 00| 0 eng d | ||
| 040 | _cGBC | ||
| 082 |
_aARC GUI _b1991 |
||
| 100 |
_aGuite, Grace Ngaihvung _914090 |
||
| 245 |
_aThe Role of Women in the Church With Special Reference to Manipur, India | _cGrace Ngaihvung Guite |
||
| 300 |
_avi + 12p p.; _c14.5 cm x 2-.5 cm. |
||
| 650 |
_2Women _aWomen Ministry _vWomen in the Old Testament _vWomen in the New Testament _vSocial-cultural _vImpact of Christianity _vImpact of Missions _vKorean Women in Ministry _zManipur, India _914091 |
||
| 942 |
_2ddc _cTH |
||